Govt. of
Madhya Pradesh

OLD Calcutta Cameos (Record no. 68598)

MARC details
000 -LEADER
fixed length control field 00232nam a22001097a 4500
082 ## - DEWEY DECIMAL CLASSIFICATION NUMBER
Classification number 954/RO
100 ## - MAIN ENTRY--AUTHOR NAME
Personal name Roy,B.V.
245 ## - TITLE STATEMENT
Title OLD Calcutta Cameos
260 ## - PUBLICATION, DISTRIBUTION, ETC. (IMPRINT)
Place of publication Kolkata
Name of publisher Sahityaloke
Year of publication 2021
650 ## - SUBJECT ADDED ENTRY--TOPICAL TERM
Topical Term History
942 ## - ADDED ENTRY ELEMENTS (KOHA)
Koha item type Books
Holdings
Withdrawn status Lost status Damaged status Not for loan Home library Current library Date acquired Cost, normal purchase price Full call number Accession Number Price effective from Koha item type
        MACL MACL 24/01/2026 650.00 954/RO CRE040379 24/01/2026 Books